BSOP header

救贖論 = Jiu shu lun = Soteriology {ch} / (Record no. 38687)

MARC details
000 -LEADER
fixed length control field 00961cam a2200289L r4500
001 - CONTROL NUMBER
control field 6000066946
003 - CONTROL NUMBER IDENTIFIER
control field OSt
005 - DATE AND TIME OF LATEST TRANSACTION
control field 20230206120223.0
008 - FIXED-LENGTH DATA ELEMENTS--GENERAL INFORMATION
fixed length control field 150701t2001 ch ||||| |||| 00| 0 chi d
020 ## - INTERNATIONAL STANDARD BOOK NUMBER
International Standard Book Number 9579642214 (平裝) :
Terms of availability 新台幣200元
020 ## - INTERNATIONAL STANDARD BOOK NUMBER
International Standard Book Number 9789579642217
041 ## - LANGUAGE CODE
Language code of text/sound track or separate title chi
100 1# - MAIN ENTRY--PERSONAL NAME
Personal name 唐崇榮 Tong, Stephen
Relator term
245 10 - TITLE STATEMENT
Title 救贖論 = Jiu shu lun = Soteriology {ch} /
Statement of responsibility, etc 唐崇榮著 = Tang Chongrong zhu = by Stephen Tong.
246 ## - VARYING FORM OF TITLE
Title proper/short title Soteriology.
250 ## - EDITION STATEMENT
Edition statement 二版.
260 ## - PUBLICATION, DISTRIBUTION, ETC. (IMPRINT)
Place of publication, distribution, etc 臺北市 Taibei Shi :
Name of publisher, distributor, etc 中國福音Zhongguo fuyin,
Date of publication, distribution, etc 2001.
300 ## - PHYSICAL DESCRIPTION
Extent 203面 pages ;
Dimensions 21公分 cm.
336 ## - CONTENT TYPE
Source rdacontent
Content Type Term text.
337 ## - MEDIA TYPE
Source rdamedia
Media Type Term unmediated.
338 ## - CARRIER TYPE
Source rdacarrier
Carrier Type Term volume.
490 ## - SERIES STATEMENT
Series statement 唐崇榮神學講座 = Tang Chongrong shenxue jiang zuo ;
Volume number/sequential designation 8.
650 ## - SUBJECT ADDED ENTRY--TOPICAL TERM
Topical term or geographic name as entry element Salvation
General subdivision Christianity {ch}.
650 ## - SUBJECT ADDED ENTRY--TOPICAL TERM
Source of heading or term 基督敎 傳道 {ch}.
700 ## - ADDED ENTRY--PERSONAL NAME
Personal name Tang Chong Rong,
Relator term
942 ## - ADDED ENTRY ELEMENTS (KOHA)
Source of classification or shelving scheme Library of Congress Classification
Item type Books
Edition 二版.
Holdings
Withdrawn status Lost status Source of classification or shelving scheme Damaged status Not for loan Home library Current library Shelving location Date acquired Source of acquisition Inventory number Total Checkouts Full call number Barcode Date last seen Price effective from Koha item type
    Library of Congress Classification     BSOP Library BSOP Library Chinese Books (General Circulation) 07/01/2015 Gift - Brother Daniel C-13541   BT751.3 T61 2001 00045686 07/01/2015 07/01/2015 Books
BSOP

Biblical Seminary of the Philippines
  All rights Reserved
  © 2024

CONTACT INFORMATION

Biblical Seminary of the Philippines,
  77-B Karuhatan Road, Valenzuela City,
  PHILIPPINES 1441
  Phone: +632 8292-6795 / 8292-6798
  Fax : +632 8292-6675
  Email: library@bsop.edu.ph